LEADER 00681cam2 22002411 450 001 SOBE00066439 005 20210525093715.0 010 $a88-420-2389-2 100 $a20210525d1984 |||||ita|0103 ba 101 $aita 102 $aIT 200 0 $a2: 1842-1854$fRosario Romeo 205 $a3. ed 210 $aRoma$aBari$cLaterza$d1984 215 $aXV, 909 p p.$d21 cm 461 1$1001E600200028052$12001 $aCavour e il suo tempo / Rosario Romeo 700 1$aRomeo$b, Rosario$3A600200029357$4070$033443 801 0$aIT$bUNISOB$c20210525$gRICA 912 $aSOBE00066439 940 $aM 102 Monografia moderna SBN 941 $aW 996 $a2: 1842-1854$91780535 997 $aUNISOB LEADER 01058nam a22002655i 4500 001 991002174459707536 007 cr nn 008mamaa 008 121227s1972 gw | s |||| 0|eng d 020 $a9783540375890 035 $ab14132886-39ule_inst 040 $aBibl. Dip.le Aggr. Matematica e Fisica - Sez. Matematica$beng 082 04$a510$223 100 1 $aSimader, Christian G.$041486 245 10$aOn dirichlet's boundary value problem$h[e-book] :$ban Lp-theory based on a generalization of Garding's inequality /$cby Christian G. Simader 260 $aBerlin :$bSpringer,$c1972 300 $a1 online resource (238 p.) 440 0$aLecture Notes in Mathematics,$x0075-8434 ;$v268 650 0$aMathematics 773 0 $aSpringer eBooks 856 40$uhttp://dx.doi.org/10.1007/BFb0058774$zAn electronic book accessible through the World Wide Web 907 $a.b14132886$b03-03-22$c05-09-13 912 $a991002174459707536 996 $aOn Dirichlet's boundary value problem$9189286 997 $aUNISALENTO 998 $ale013$b05-09-13$cm$d@ $e-$feng$ggw $h0$i0